| 000 | 00748nam a22002055i 4500 | ||
|---|---|---|---|
| 001 | 166651 | ||
| 003 | ES-MaACL | ||
| 005 | 20230906213356.0 | ||
| 008 | 050919s1873 gw | |||||||| ||eng d | ||
| 040 |
_aCAM _bspa _cCAM |
||
| 080 | _a821.111-31"18" | ||
| 100 | 1 |
_aTrollope, Anthony ( _d1815-1882) _9133386 |
|
| 245 | 1 | 0 |
_aAustralia adn New Zealand / _cby Anthony Trollope. |
| 260 |
_aLeipzig : _bBernhard Tauchnitz, _c1873. |
||
| 300 |
_a3 v. (343 ; 327 ; 336 p.) ; _c16 cm. |
||
| 490 | 1 |
_aCollection of british authors ; _v1305 ; 1306 ; 1307 |
|
| 830 | 0 |
_aCollection of british authors ; _v1305 ; 1306 ; 1307 _9180703 |
|
| 852 |
_aES-MaACL _jG-12618 _z-- Enc. hol., conservando la cub. original _z-- Enc. 3 t. en 2 v. |
||
| 999 |
_c166651 _d166651 |
||